| 000 | 00000nam##2200000za#4500 |
| 001 | 9.686044 |
| 003 | CaOODSP |
| 005 | 20210624230347 |
| 007 | cr ||||||||||| |
| 008 | 150407|2000||||xxc|||||o f|0| 0 eng|d |
| 020 | |a0-662-30181-1 |
| 040 | |aCaOODSP|beng |
| 043 | |an-cn--- |
| 086 | 1 |aE2-251/2000E-IN |
| 110 | 1 |aCanada.|bForeign Affairs and International Trade. |bCanadian Centre for Foreign Policy Development. |
| 245 | 10|aCyprus: Living Together in the New Century, February 14, 2000 (Ottawa) : |h[electronic resource]|breport from the roundtable |
| 260 | |aOttawa - Ontario : |bForeign Affairs and International Trade. |c[2000]. |
| 300 | |a30p.|btables |
| 590 | |a10-06-Supp|b2010-07-26 |
| 690 | 07|aPeacekeeping|2gcpds |
| 776 | 0#|tReport on Cyprus: Living Together in the New Century Roundtable |w(CaOODSP)9.648109 |
| 856 | 40|ahttp://publications.gc.ca|qPDF|s525 KB|uhttps://publications.gc.ca/collections/Collection/E2-251-2000E.pdf |
| 986 | |a7005.1E |